000 00869cab a2200253 4500
001 WB3247-43
008 090401t1996 xxu||||| |||| 00| 0 eng d
035 _a(Sirsi) u69495
041 _aeng
245 _aChange of use
260 _c1996
350 _a0
490 _aTimes
_v10 December 1996, 42(1)
520 _a"Thames Heliport plc v Tower Hamlets LBC" CA 28 November 1996. "Held" a heliport facility on an unmoored vessel on the Thames could constitute a change of use of land for the purposes of the Town and Country Planning Act 1990 s55.
650 _aCHANGE OF USE
650 _aHELICOPTER
650 _aHELIPORT
650 _aPLANNING PERMISSION
650 _aTHAMES HELIPORT PLC V TOWER HAMLETS LBC
650 _aTOWN AND COUNTRY PLANNING ACT 1990 S55
690 _aPLANNING LAW AND PRACTICE-CASE LAW
942 _n0
948 _c04/03/1997
999 _c43650
_d43650